00630nam a2200193 a 450000100060000000300090000600500170001500800410003203500200007304000260009304100080011908200280012710000230015524500680017826000540024630000340030050400510033465100510038555048BD-RJUL 20211209080216.0161113r19691956enk 000 0 eng d a(BD-RjUL) 55170 aBD-RjULbengcBD-RjUL aeng 223 a942.07 bMAE 1965 1 aMarshall, Dorothy.10aEnglish people in the eighteenth century /cby Dorothy Marshall aLondon :bLongmans, Green,c1956 [reprint 1965]  axvi, 288 p. :bill. ;c23 cm. aIncludes bibliographical references and index. 0aGreat BritainxSocial conditionsy18th century